ESG investovanie a jeho budúcnosť bakalárska práca

Uložené v:
Podrobná bibliografia
Hlavný autor: Mikuš, Milan
Korporativný autor: Národohospodárska fakulta EU. Katedra bankovníctva a medzinárodných financií
Ďalší autori: Dedinský, Juraj, 1996-
Médium: Kniha
Jazyk:Slovak
Vydavateľské údaje: Bratislava 2023
Tagy: Pridať tag
Žiadne tagy, Buďte prvý, kto otaguje tento záznam!

MARC

LEADER 00000nbm a2200000 4500
001 0294621
005 20231025091450.5
041 0 |a slo 
044 |a SK 
245 1 0 |a ESG investovanie a jeho budúcnosť  |b bakalárska práca  |c Milan Mikuš ; školiteľ: Juraj Dedinský 
264 1 |a Bratislava  |c 2023 
300 |a 52 s. 
100 1 |a Mikuš, Milan 
700 1 |a Dedinský, Juraj, 1996- 
710 2 |a Národohospodárska fakulta EU. Katedra bankovníctva a medzinárodných financií